Memoria de la Comisión Directiva leída en la sesión del 15 de marzo de 1865, iniciando el debate sobre el tema : (Record no. 26939)
[ view plain ]
| 000 -LEADER | |
|---|---|
| campo de control de longitud fija | 00912nam a2200217 i 4500 |
| 001 - NÚMERO DE CONTROL | |
| campo de control | 26939 |
| 003 - IDENTIFICADOR DE NÚMERO DE CONTROL | |
| campo de control | ES-MaACL |
| 005 - FECHA Y HORA DE LA ÚLTIMA TRANSACCIÓN | |
| campo de control | 20230906153528.0 |
| 007 - CAMPO FIJO DE DESCRIPCIÓN FÍSICA--INFORMACIÓN GENERAL | |
| campo de control de longitud fija | t| |
| 008 - DATOS DE LONGITUD FIJA--INFORMACIÓN GENERAL | |
| campo de control de longitud fija | 030113s1865 sp |||| | spa d |
| 080 ## - NÚMERO DE LA CLASIFICACIÓN DECIMAL UNIVERSAL | |
| Número de la Clasificación Decimal Universal | 625.1/.5(460.15) |
| 245 00 - MENCIÓN DEL TÍTULO | |
| Título | Memoria de la Comisión Directiva leída en la sesión del 15 de marzo de 1865, iniciando el debate sobre el tema : |
| Resto del título | examen de los mejores medios que se pueden adoptar para enlazar con Bilbao y la estación del ferro-carril los fondeaderos actuales, u otros más ventajosos, de nuestro puerto. |
| 260 ## - PUBLICACIÓN, DISTRIBUCIÓN, ETC. | |
| Lugar de publicación, distribución, etc. | Bilbao : |
| Nombre del editor, distribuidor, etc. | Delmas, |
| Fecha de publicación, distribución, etc. | 1865. |
| 300 ## - DESCRIPCIÓN FÍSICA | |
| Extensión | 18 p. ; |
| Dimensiones | 21 cm. |
| 530 ## - NOTA DISPONIBLE DE FORMULARIO FÍSICO ADICIONAL | |
| Nota de formato físico adicional disponible | Disponible en formato digital. |
| 594 ## - Nota al título y mención de responsabilidad | |
| Nota al título y mención de responsabilidad | Precede al tít.: Ateneo de Bilbao. |
| 650 #4 - PUNTO DE ACCESO ADICIONAL DE MATERIA--TÉRMINO DE MATERIA | |
| Término de materia o nombre geográfico como elemento de entrada | Ferrocarriles- |
| Subdivisión geográfica | País Vasco. |
| 9 (RLIN) | 150491 |
| 710 2# - ENTRADA AGREGADA--NOMBRE DE ENTIDAD CORPORATIVA | |
| Nombre de entidad corporativa o nombre de jurisdicción como elemento de entrada | Ateneo de Bilbao. |
| 9 (RLIN) | 1858 |
| 852 4# - LOCALIZACIÓN | |
| Ubicación | ES-MaACL |
| Número de control de estantería | T-81-F-3 |
| 856 4# - LOCALIZACIÓN Y ACCESO ELECTRÓNICOS | |
| Identificador Uniforme de Recursos | <a href="http://hdl.handle.net/10357/41763 ">http://hdl.handle.net/10357/41763 </a> |
| Nota pública | Memoria Digital Vasca |
| Estatus retirado | Estado de pérdida | Estado de daño | No para préstamo | Colección | Biblioteca de origen | Biblioteca actual | Ubicación en estantería | Fecha de adquisición | Fuente de adquisición | Total de préstamos | Signatura topográfica completa | Código de barras | Visto por última vez | Precio de reemplazo | Tipo de ítem Koha |
|---|---|---|---|---|---|---|---|---|---|---|---|---|---|---|---|
| Colección de folletos | Biblioteca del Ateneo de Madrid | Biblioteca del Ateneo de Madrid | Depósito folletos | 17/01/2008 | T-81-F-3 | 1027807 | 23/02/2023 | 23/02/2023 | Folleto |
